000 00500ntaaa2200193 4500
003 01
005 20251027202347.0
008 0714s1973 ag 01
040 _aAR-BaBN
_bspa
_cAR-BaBN
_eaacr
_dRIC
082 _a301.1510 P54
100 _aPhillips, Helen U.
_922258
245 _aEssentials of social group work skill
250 _a1 ed.
260 _aNew York :
_bAssociation Press,
_cc1957
300 _a180 p
500 _aPrincipios de obra con grupos
650 _agrupos
_9264
942 _cBK
999 _c18468
_d18468